Investičné a podnikateľské prostredie vybraných krajín Južnej Ameriky – Ekvádor, Peru a Kolumbia bakalárska práca

Enregistré dans:
Détails bibliographiques
Auteur principal: Rochová, Martina
Collectivité auteur: Obchodná fakulta EU. Katedra medzinárodného obchodu
Autres auteurs: Baumgartner, Boris
Format: Livre
Langue:slovaque
Publié: Bratislava 2018
Tags: Ajouter un tag
Pas de tags, Soyez le premier à ajouter un tag!

MARC

LEADER 00000nbm a2200000 4500
001 0245096
005 20180926144010.1
041 0 |a slo 
044 |a SK 
245 1 0 |a Investičné a podnikateľské prostredie vybraných krajín Južnej Ameriky – Ekvádor, Peru a Kolumbia  |b bakalárska práca  |c Martina Rochová ; školiteľ: Boris Baumgartner 
264 1 |a Bratislava  |c 2018 
300 |a 49 s. 
100 1 |a Rochová, Martina 
700 1 |a Baumgartner, Boris 
710 2 |a Obchodná fakulta EU. Katedra medzinárodného obchodu